Confidential informant: (Record no. 4522)
[ view plain ]
| 000 -LEADER | |
|---|---|
| fixed length control field | 00658nam a2200181 4500 |
| 008 - FIXED-LENGTH DATA ELEMENTS--GENERAL INFORMATION | |
| fixed length control field | 160914b xxu||||| |||| 00| 0 eng d |
| 020 ## - INTERNATIONAL STANDARD BOOK NUMBER | |
| International Standard Book Number | 0-8493-0709-0 |
| 082 ## - DEWEY DECIMAL CLASSIFICATION NUMBER | |
| Edition number | 2000 |
| Classification number | DC 363.252 |
| Item number | m26c |
| 100 ## - MAIN ENTRY--PERSONAL NAME | |
| 9 (RLIN) | 14566 |
| Personal name | Madinger, John |
| 245 ## - TITLE STATEMENT | |
| Title | Confidential informant: |
| Remainder of title | law enforcement's most valuable tool/ |
| Statement of responsibility, etc. | John Madinger. |
| 260 ## - PUBLICATION, DISTRIBUTION, ETC. (IMPRINT) | |
| Place of publication, distribution, etc. | Boca Raton: |
| Name of publisher, distributor, etc. | CRC Press, |
| Date of publication, distribution, etc. | c2000. |
| 300 ## - PHYSICAL DESCRIPTION | |
| Extent | xv, 331 pages; |
| Dimensions | 26 cm. |
| 500 ## - GENERAL NOTE | |
| General note | Includes bibliographical references and index. |
| 650 #0 - SUBJECT ADDED ENTRY--TOPICAL TERM | |
| 9 (RLIN) | 14567 |
| Topical term or geographic name as entry element | Informers |
| Geographic subdivision | United States |
| 650 #0 - SUBJECT ADDED ENTRY--TOPICAL TERM | |
| 9 (RLIN) | 14568 |
| Topical term or geographic name as entry element | Criminal investigation |
| Geographic subdivision | United States |
| 650 #0 - SUBJECT ADDED ENTRY--TOPICAL TERM | |
| 9 (RLIN) | 14569 |
| Topical term or geographic name as entry element | Law enforcement |
| Geographic subdivision | United States |
| 942 ## - ADDED ENTRY ELEMENTS (KOHA) | |
| Source of classification or shelving scheme | Dewey Decimal Classification |
| Koha item type | Circulation |
| Withdrawn status | Lost status | Source of classification or shelving scheme | Damaged status | Not for loan | Collection code | Home library | Current library | Date acquired | Total Checkouts | Full call number | Barcode | Date last seen | Price effective from | Koha item type |
|---|---|---|---|---|---|---|---|---|---|---|---|---|---|---|
| Dewey Decimal Classification | Circulation | UM Digos College - LIC | UM Digos College - LIC | 09/12/2008 | DC 363.252 m26c 2000 | 19619 | 05/15/2025 | 09/14/2016 | Circulation |
